[Event "Madrid ch 2017-2018 Veteranos"]
[Site "Madrid ESP"]
[Date "2018.01.16"]
[Round "7.26"]
[White "Martin Rodriguez, Jose Luis"]
[Black "Beekhof Harmsen, Willen"]
[Result "0-1"]
[WhiteElo "1302"]
[BlackElo "1543"]
[PlyCount "98"]
[EventDate "2018.01.08"]
[EventType "swiss"]
[EventRounds "9"]
[EventCountry "ESP"]
[SourceTitle "Ajedrez en Madrid"]
[Source "lmi"]
[SourceDate "2018.01.08"]
[SourceVersion "1"]
[SourceVersionDate "2018.01.25"]
[SourceQuality "1"]

1. c4 g6 2. Nc3 Bg7 3. Nf3 Nf6 4. g3 d5 5. cxd5 Nxd5 6. Bg2 Nxc3 7. bxc3 Nc6 8.
O-O O-O 9. Rb1 Rb8 10. Bb2 Na5 11. d3 c5 12. c4 f6 13. Nd2 b6 14. Ba3 Qc7 15.
Bb2 Rd8 16. Bc3 Nc6 17. Qc2 Nd4 18. Bxd4 Rxd4 19. Bd5+ e6 20. Bg2 f5 21. e3 Rd6
22. f4 Bd7 23. e4 e5 24. exf5 gxf5 25. fxe5 Bxe5 26. Nf3 Bd4+ 27. Nxd4 Rxd4 28.
Qd2 Qd6 29. Qg5+ Qg6 30. Qxg6+ hxg6 31. Rbd1 b5 32. cxb5 Bxb5 33. Rb1 Rb6 34.
Rb3 Bxd3 35. Rxb6 axb6 36. Rd1 Kg7 37. Kf2 Kf6 38. Ke3 Be4 39. Rg1 Rd3+ 40. Kf2
Ra3 41. Ra1 Ke5 42. h3 b5 43. h4 b4 44. Bf1 b3 45. Bc4 b2 46. Re1 Rf3+ 47. Kg1
Rc3 48. Re2 b1=Q+ 49. Kf2 Rxc4 0-1

[Event "Madrid ch 2017-2018 Veteranos"]
[Site "Madrid ESP"]
[Date "2018.01.16"]
[Round "7.27"]
[White "Martin Garcia, Francisco Javier"]
[Black "Perez Ramos, Miguel Angel"]
[Result "1-0"]
[WhiteElo "1487"]
[BlackElo "1145"]
[PlyCount "95"]
[EventDate "2018.01.08"]
[EventType "swiss"]
[EventRounds "9"]
[EventCountry "ESP"]
[SourceTitle "Ajedrez en Madrid"]
[Source "lmi"]
[SourceDate "2018.01.08"]
[SourceVersion "1"]
[SourceVersionDate "2018.01.25"]
[SourceQuality "1"]

1. d4 Nf6 2. Nf3 d6 3. g3 b6 4. Bg2 Bb7 5. O-O e6 6. c4 Be7 7. Nc3 c6 8. e4
Nbd7 9. h3 Qc7 10. Be3 Rd8 11. Rc1 e5 12. d5 a6 13. Qb3 c5 14. Nh2 Ra8 15. f4
O-O 16. Qd1 Qc8 17. b3 Ne8 18. fxe5 Nxe5 19. Bf4 Ng6 20. Ng4 Qd8 21. e5 Bc8 22.
Qf3 Nxf4 23. gxf4 Bxg4 24. hxg4 dxe5 25. d6 Bxd6 26. Qxa8 Qxa8 27. Bxa8 exf4
28. Bf3 Be5 29. Nd5 Bd4+ 30. Kg2 Be5 31. Nxb6 Nd6 32. Nd7 Re8 33. Nxe5 Rxe5 34.
Rfe1 f6 35. Bd5+ Kf8 36. Kf3 g5 37. Rcd1 Ke7 38. Be4 h6 39. Bb1 a5 40. Kf2 Kd7
41. Bf5+ Kc7 42. Rh1 Nxf5 43. gxf5 g4 44. Rxh6 Rxf5 45. Rd5 g3+ 46. Kf3 Rg5 47.
Rxg5 fxg5 48. Rg6 1-0

[Event "Madrid ch 2017-2018 Veteranos"]
[Site "Madrid ESP"]
[Date "2018.01.17"]
[Round "8.1"]
[White "Elissalt Cardenas, Hector"]
[Black "Garcia Galeote, Lorenzo"]
[Result "1-0"]
[WhiteElo "2346"]
[BlackElo "1971"]
[PlyCount "93"]
[EventDate "2018.01.08"]
[EventType "swiss"]
[EventRounds "9"]
[EventCountry "ESP"]
[SourceTitle "Ajedrez en Madrid"]
[Source "lmi"]
[SourceDate "2018.01.08"]
[SourceVersion "1"]
[SourceVersionDate "2018.01.25"]
[SourceQuality "1"]

1. c4 g6 2. Nc3 Bg7 3. d4 d6 4. e4 Nc6 5. Be3 e5 6. d5 Nce7 7. f3 f5 8. Qd2 Nf6
9. h3 O-O 10. Bd3 a6 11. Nge2 Bd7 12. g4 b5 13. c5 b4 14. Nd1 fxe4 15. fxe4 a5
16. c6 Bc8 17. a3 Ba6 18. Nf2 Bxd3 19. Qxd3 Qb8 20. O-O Kh8 21. Kg2 a4 22. Qd2
Qb5 23. Ng3 b3 24. Qd3 Rab8 25. Qxb5 Rxb5 26. Nd3 Nfxd5 27. Rxf8+ Bxf8 28. exd5
Nxd5 29. Kf3 Bg7 30. Rd1 Nxe3 31. Kxe3 Rb6 32. Nb4 e4 33. Rb1 d5 34. Nxd5 Rxc6
35. Nxe4 Rc2 36. Ndc3 Rh2 37. Nxa4 Rxh3+ 38. Kf4 Bd4 39. Rd1 Be3+ 40. Ke5 g5
41. Nac3 h5 42. Kf5 Kg7 43. Nxg5 Rh2 44. Ne6+ Kf7 45. Rd7+ Ke8 46. Rxc7 hxg4
47. Ne4 1-0

[Event "Madrid ch 2017-2018 Veteranos"]
[Site "Madrid ESP"]
[Date "2018.01.17"]
[Round "8.2"]
[White "Nuñez Muñoz, Jesus"]
[Black "Pastor Alonso De Prado, Alberto"]
[Result "1/2-1/2"]
[WhiteElo "2182"]
[BlackElo "2190"]
[PlyCount "141"]
[EventDate "2018.01.08"]
[EventType "swiss"]
[EventRounds "9"]
[EventCountry "ESP"]
[SourceTitle "Ajedrez en Madrid"]
[Source "lmi"]
[SourceDate "2018.01.08"]
[SourceVersion "1"]
[SourceVersionDate "2018.01.25"]
[SourceQuality "1"]

1. e4 e5 2. Nf3 Nc6 3. Bb5 d6 4. O-O Bd7 5. d4 exd4 6. Nxd4 g6 7. Nc3 Bg7 8.
Be3 Nf6 9. f3 O-O 10. Nxc6 bxc6 11. Ba4 Re8 12. Qd2 c5 13. Bxd7 Nxd7 14. Rad1
Nb6 15. b3 Qc8 16. Rfe1 Qb7 17. Bf2 Re6 18. Nd5 Rae8 19. c4 Nxd5 20. exd5 Re5
21. Rxe5 Rxe5 22. Re1 Qc8 23. Rxe5 Bxe5 24. Qd3 Qa6 25. Qe2 Qa3 26. g3 a5 27.
Kg2 Kg7 28. Qc2 Qb4 29. Kf1 Qa3 30. Be1 a4 31. Bd2 Bb2 32. Ke2 Kf8 33. bxa4 Ke8
34. Qb3 Kd7 35. Kd1 f5 36. Kc2 Qxb3+ 37. axb3 Bd4 38. Kd3 Bg1 39. h3 Bf2 40. g4
c6 41. Be3 Be1 42. Bd2 Bf2 43. b4 cxb4 44. Bxb4 fxg4 45. hxg4 h5 46. Ke2 Bd4
47. Kf1 hxg4 48. fxg4 cxd5 49. cxd5 Be5 50. Ke2 Kc7 51. Kd3 Kb6 52. Kc4 Bh2 53.
Kd3 Bg3 54. Ke4 Be5 55. Kd3 Bg3 56. Kc4 Bh2 57. Bc3 Ka6 58. Bd2 Kb6 59. Kd4
Be5+ 60. Ke4 Kc5 61. Ba5 Kc4 62. Bd8 Kb4 63. a5 Kb5 64. Bc7 Bh2 65. Bd8 Be5 66.
Bg5 Bc3 67. Bf4 Bb4 68. Be3 Bxa5 69. Bf4 Kc5 70. Be3+ Kc4 71. Bf4 1/2-1/2

[Event "Madrid ch 2017-2018 Veteranos"]
[Site "Madrid ESP"]
[Date "2018.01.17"]
[Round "8.3"]
[White "Casares Ripoll, Fernando"]
[Black "Martin Martin, Luis Vicente"]
[Result "1/2-1/2"]
[WhiteElo "2110"]
[BlackElo "1946"]
[PlyCount "34"]
[EventDate "2018.01.08"]
[EventType "swiss"]
[EventRounds "9"]
[EventCountry "ESP"]
[SourceTitle "Ajedrez en Madrid"]
[Source "lmi"]
[SourceDate "2018.01.08"]
[SourceVersion "1"]
[SourceVersionDate "2018.01.25"]
[SourceQuality "1"]

1. d4 d5 2. c4 c6 3. cxd5 cxd5 4. Nc3 Nf6 5. Nf3 Nc6 6. Bf4 a6 7. e3 Bg4 8. Be2
e6 9. O-O Be7 10. Rc1 O-O 11. Na4 Ne4 12. Nd2 Bxe2 13. Qxe2 Qa5 14. Nxe4 Qxa4
15. Nc3 Qa5 16. a3 Rac8 17. Nb1 Na7 1/2-1/2

[Event "Madrid ch 2017-2018 Veteranos"]
[Site "Madrid ESP"]
[Date "2018.01.17"]
[Round "8.4"]
[White "Quintero Torres, Pedro"]
[Black "Sanchez Garcia, Aurelio"]
[Result "1/2-1/2"]
[WhiteElo "1966"]
[BlackElo "2091"]
[PlyCount "36"]
[EventDate "2018.01.08"]
[EventType "swiss"]
[EventRounds "9"]
[EventCountry "ESP"]
[SourceTitle "Ajedrez en Madrid"]
[Source "lmi"]
[SourceDate "2018.01.08"]
[SourceVersion "1"]
[SourceVersionDate "2018.01.25"]
[SourceQuality "1"]

1. e4 g6 2. d4 Bg7 3. Nc3 d6 4. Nf3 Nf6 5. Be2 O-O 6. O-O Nc6 7. h3 e5 8. dxe5
dxe5 9. Qxd8 Rxd8 10. Bg5 Be6 11. Rfd1 h6 12. Be3 a6 13. a3 Ne8 14. Rxd8 Rxd8
15. Rd1 Rxd1+ 16. Nxd1 Nd6 17. Nd2 Nd4 18. Bd3 Kf8 1/2-1/2

[Event "Madrid ch 2017-2018 Veteranos"]
[Site "Madrid ESP"]
[Date "2018.01.17"]
[Round "8.5"]
[White "Camarero Izquierdo, Juan Carlos"]
[Black "Viñas Lopez, Carlos"]
[Result "0-1"]
[WhiteElo "1868"]
[BlackElo "1884"]
[PlyCount "138"]
[EventDate "2018.01.08"]
[EventType "swiss"]
[EventRounds "9"]
[EventCountry "ESP"]
[SourceTitle "Ajedrez en Madrid"]
[Source "lmi"]
[SourceDate "2018.01.08"]
[SourceVersion "1"]
[SourceVersionDate "2018.01.25"]
[SourceQuality "1"]

1. d4 c5 2. d5 e6 3. e4 exd5 4. exd5 d6 5. Nc3 Nf6 6. Bg5 Be7 7. Bxf6 Bxf6 8.
Qd3 O-O 9. O-O-O Re8 10. Kb1 a6 11. h4 b5 12. Nf3 c4 13. Qd2 Bg4 14. Qf4 Bxf3
15. Qxf3 Bxc3 16. Qxc3 Nd7 17. g4 Qf6 18. Qg3 Qe5 19. Qxe5 Rxe5 20. a4 Rae8 21.
b3 cxb3 22. cxb3 bxa4 23. bxa4 Nc5 24. Rd4 Re4 25. Rc4 Rb8+ 26. Ka2 Rb4 27.
Rxb4 Rxb4 28. Be2 Rxa4+ 29. Kb2 Re4 30. Bd1 Nd3+ 31. Kc3 Nxf2 32. Rf1 Nxd1+ 33.
Rxd1 a5 34. Ra1 a4 35. Rb1 Kf8 36. Rb6 Ke7 37. Rb7+ Kf6 38. g5+ Kg6 39. Rd7
Rxh4 40. Rxd6+ Kxg5 41. Ra6 Kf5 42. Ra7 Kf6 43. d6 a3 44. Re7 a2 45. Re1 a1=Q+
46. Rxa1 Ke6 47. Rd1 Kd7 48. Rg1 g6 49. Rd1 h5 50. Rd5 Rf4 51. Kd3 Rf6 52. Ke4
Rxd6 53. Ra5 Ke6 54. Kf4 Kf6 55. Ra4 g5+ 56. Ke4 Re6+ 57. Kd4 Kf5 58. Ra5+ Kg4
59. Ra4 f5 60. Kd5+ Re4 61. Ra1 h4 62. Rg1+ Kh5 63. Rf1 Rf4 64. Rg1 h3 65. Ke5
Kh4 66. Kf6 h2 67. Rh1 Kh3 68. Kxg5 Rg4+ 69. Kxf5 Rg1 0-1

[Event "Madrid ch 2017-2018 Veteranos"]
[Site "Madrid ESP"]
[Date "2018.01.17"]
[Round "8.6"]
[White "Lorenzo Bailador, Alfredo"]
[Black "De la Orden Alcocer, Alejandro"]
[Result "1-0"]
[WhiteElo "2011"]
[BlackElo "2042"]
[PlyCount "55"]
[EventDate "2018.01.08"]
[EventType "swiss"]
[EventRounds "9"]
[EventCountry "ESP"]
[SourceTitle "Ajedrez en Madrid"]
[Source "lmi"]
[SourceDate "2018.01.08"]
[SourceVersion "1"]
[SourceVersionDate "2018.01.25"]
[SourceQuality "1"]

1. e4 Nf6 2. Nc3 d5 3. e5 d4 4. exf6 dxc3 5. fxe7 cxd2+ 6. Qxd2 Qxd2+ 7. Bxd2
Bxe7 8. Bf4 c6 9. Bd3 Nd7 10. c3 Nc5 11. Bc2 Be6 12. Ne2 O-O-O 13. Nd4 Bd5 14.
Bf5+ Nd7 15. O-O Bf6 16. Rad1 g6 17. Bg4 h5 18. Bf3 Bxd4 19. Bxd5 Bxf2+ 20.
Rxf2 Nb6 21. Bb3 Rxd1+ 22. Bxd1 Nd5 23. Bg5 f6 24. Bxf6 Re8 25. Bg5 Re5 26. h4
Ne3 27. Re2 Rd5 28. Bb3 1-0

[Event "Madrid ch 2017-2018 Veteranos"]
[Site "Madrid ESP"]
[Date "2018.01.17"]
[Round "8.7"]
[White "Gonzalez Rivera, Eduardo"]
[Black "Lopez Heras, Arturo"]
[Result "1-0"]
[WhiteElo "2014"]
[BlackElo "1859"]
[PlyCount "75"]
[EventDate "2018.01.08"]
[EventType "swiss"]
[EventRounds "9"]
[EventCountry "ESP"]
[SourceTitle "Ajedrez en Madrid"]
[Source "lmi"]
[SourceDate "2018.01.08"]
[SourceVersion "1"]
[SourceVersionDate "2018.01.25"]
[SourceQuality "1"]

1. e4 c5 2. Nf3 d6 3. d4 cxd4 4. Nxd4 Nf6 5. Nc3 a6 6. Bc4 e6 7. Bb3 Be7 8. O-O
b5 9. a3 Qc7 10. f4 Nc6 11. Nde2 Ng4 12. Qe1 Qb6+ 13. Kh1 a5 14. Qg3 h5 15. f5
Nce5 16. fxe6 Bxe6 17. Nf4 h4 18. Qe1 Bxb3 19. cxb3 Rc8 20. h3 Nf6 21. Nfd5
Nxd5 22. Nxd5 Qd4 23. Nc3 b4 24. axb4 axb4 25. Be3 Qd3 26. Rd1 Qc2 27. Rd2 Qxb3
28. Nb5 O-O 29. Nd4 Qa4 30. Nf5 Qd7 31. Bf2 g5 32. Bd4 f6 33. Bxe5 fxe5 34. Qd1
Rf6 35. Qh5 Rxf5 36. Qg6+ Kh8 37. Rxf5 Qe8 38. Rf7 1-0

[Event "Madrid ch 2017-2018 Veteranos"]
[Site "Madrid ESP"]
[Date "2018.01.17"]
[Round "8.8"]
[White "Marcos Herrero, Francisco"]
[Black "Alvarez Abejon, Amilcar"]
[Result "1/2-1/2"]
[WhiteElo "1876"]
[BlackElo "1926"]
[PlyCount "47"]
[EventDate "2018.01.08"]
[EventType "swiss"]
[EventRounds "9"]
[EventCountry "ESP"]
[SourceTitle "Ajedrez en Madrid"]
[Source "lmi"]
[SourceDate "2018.01.08"]
[SourceVersion "1"]
[SourceVersionDate "2018.01.25"]
[SourceQuality "1"]

1. Nf3 Nf6 2. c4 c5 3. Nc3 g6 4. g3 Bg7 5. Bg2 Nc6 6. O-O O-O 7. a3 d5 8. cxd5
Nxd5 9. Nxd5 Qxd5 10. d3 Bg4 11. Qc2 Qh5 12. Be3 Nd4 13. Bxd4 cxd4 14. Rac1
Rac8 15. Qa4 a6 16. Qb4 Bf6 17. Nxd4 Bxd4 18. Qxd4 Bxe2 19. Rfe1 Bf3 20. Qd7
Rcd8 21. Qxe7 Bxg2 22. Kxg2 Qd5+ 23. Qe4 Qxd3 24. Qxd3 1/2-1/2

[Event "Madrid ch 2017-2018 Veteranos"]
[Site "Madrid ESP"]
[Date "2018.01.17"]
[Round "8.9"]
[White "Marivela Santos, Juan Carlos"]
[Black "Lopez de Turiso, Jose Angel"]
[Result "0-1"]
[WhiteElo "1714"]
[BlackElo "2020"]
[PlyCount "76"]
[EventDate "2018.01.08"]
[EventType "swiss"]
[EventRounds "9"]
[EventCountry "ESP"]
[SourceTitle "Ajedrez en Madrid"]
[Source "lmi"]
[SourceDate "2018.01.08"]
[SourceVersion "1"]
[SourceVersionDate "2018.01.25"]
[SourceQuality "1"]

1. c4 f5 2. b3 e5 3. Bb2 d6 4. g3 Nf6 5. Bg2 Be7 6. Nf3 O-O 7. O-O Qe8 8. d3
Qh5 9. Nc3 Nc6 10. e4 fxe4 11. dxe4 Bg4 12. h3 Bxh3 13. Bxh3 Qxh3 14. Ng5 Qd7
15. Nd5 h6 16. Nxf6+ Rxf6 17. Qd5+ Kh8 18. Nf7+ Kh7 19. Nxe5 Nxe5 20. Bxe5 Rff8
21. Kg2 Qg4 22. Bb2 Qf3+ 23. Kg1 c6 24. Qd1 Qf7 25. Qd3 Kg8 26. Rad1 Rad8 27.
Qe3 b6 28. Kg2 Qg6 29. e5 dxe5 30. Rxd8 Rxd8 31. Qxe5 Bd6 32. Qc3 Qe4+ 33. f3
Qg6 34. f4 Bc5 35. Re1 Rd3 36. Re8+ Kh7 37. Qe1 Bb4 38. Qf2 Qxe8 0-1

[Event "Madrid ch 2017-2018 Veteranos"]
[Site "Madrid ESP"]
[Date "2018.01.17"]
[Round "8.10"]
[White "Garcia Martin, Esteban"]
[Black "De Luna Butz, Alberto"]
[Result "1-0"]
[WhiteElo "1886"]
[BlackElo "1810"]
[PlyCount "93"]
[EventDate "2018.01.08"]
[EventType "swiss"]
[EventRounds "9"]
[EventCountry "ESP"]
[SourceTitle "Ajedrez en Madrid"]
[Source "lmi"]
[SourceDate "2018.01.08"]
[SourceVersion "1"]
[SourceVersionDate "2018.01.25"]
[SourceQuality "1"]

1. c4 e5 2. Nc3 Bb4 3. g3 Bxc3 4. bxc3 d6 5. Bg2 f5 6. d4 e4 7. Nh3 Nf6 8. Rb1
O-O 9. Nf4 c5 10. d5 Qe8 11. h3 b6 12. e3 g5 13. Ne6 Bxe6 14. dxe6 Qxe6 15. f4
g4 16. hxg4 fxg4 17. Bf1 Nc6 18. Rb2 Kg7 19. Rbh2 h5 20. Rd2 Rad8 21. Rd5 Kf7
22. f5 Qd7 23. Rxh5 Nxh5 24. Qxg4 Nf6 25. Qg6+ Ke7 26. g4 Nxd5 27. cxd5 Ne5 28.
Qh6 Nxg4 29. Qg7+ Rf7 30. Qxg4 Qxf5 31. Qh4+ Kd7 32. Bh3 Rdf8 33. c4 Kc7 34.
Bxf5 Rxf5 35. Ke2 R8f7 36. Bd2 Rf1 37. Qxe4 Ra1 38. Qe8 Rd7 39. e4 Rxa2 40. e5
dxe5 41. Qxe5+ Kd8 42. Qg5+ Ke8 43. Qg8+ Ke7 44. Kd3 Ra3+ 45. Ke4 Rd6 46. Bg5+
Kd7 47. Qd8# 1-0

[Event "Madrid ch 2017-2018 Veteranos"]
[Site "Madrid ESP"]
[Date "2018.01.17"]
[Round "8.10"]
[White "Ghavami, Mahmoud"]
[Black "Martinez Martinez, Javier II"]
[Result "1-0"]
[WhiteElo "1516"]
[BlackElo "1644"]
[PlyCount "71"]
[EventDate "2018.01.08"]
[EventType "swiss"]
[EventRounds "9"]
[EventCountry "ESP"]
[SourceTitle "Ajedrez en Madrid"]
[Source "lmi"]
[SourceDate "2018.01.08"]
[SourceVersion "1"]
[SourceVersionDate "2018.01.25"]
[SourceQuality "1"]

1. b3 Nf6 2. Bb2 e6 3. e3 b6 4. Nf3 Be7 5. d3 Bb7 6. Nbd2 d5 7. d4 O-O 8. Ne5
Nbd7 9. Ndf3 c5 10. Bd3 cxd4 11. exd4 Rc8 12. O-O Ne4 13. Nxd7 Qxd7 14. Ne5 Qc7
15. f3 f6 16. Ng4 Ng5 17. h4 Nh3+ 18. gxh3 Qg3+ 19. Kh1 Qxh3+ 20. Kg1 Qg3+ 21.
Kh1 f5 22. Nh2 Bd6 23. Qe2 Qxh4 24. Rf2 Rf6 25. Rg1 Bg3 26. Rfg2 f4 27. Bc1 g5
28. Bd2 Kf7 29. Be1 Rg8 30. Qe5 Re8 31. Bxg3 fxg3 32. Rxg3 Rh6 33. Rxg5 Qxh2+
34. Qxh2 Rxh2+ 35. Kxh2 Bc6 36. Rg7+ 1-0

[Event "Madrid ch 2017-2018 Veteranos"]
[Site "Madrid ESP"]
[Date "2018.01.17"]
[Round "8.11"]
[White "Minguela Muñoz, Bienvenido"]
[Black "Rueda Maria, Ramiro"]
[Result "1-0"]
[WhiteElo "1819"]
[BlackElo "1827"]
[PlyCount "23"]
[EventDate "2018.01.08"]
[EventType "swiss"]
[EventRounds "9"]
[EventCountry "ESP"]
[SourceTitle "Ajedrez en Madrid"]
[Source "lmi"]
[SourceDate "2018.01.08"]
[SourceVersion "1"]
[SourceVersionDate "2018.01.25"]
[SourceQuality "1"]

1. Nf3 Nf6 2. d4 g6 3. c4 Bg7 4. Nc3 O-O 5. e4 d6 6. Be2 e5 7. d5 Nbd7 8. O-O
a5 9. Nd2 Nc5 10. Rb1 Bd7 11. b4 axb4 12. Rxb4 {Móvil} 1-0

[Event "Madrid ch 2017-2018 Veteranos"]
[Site "Madrid ESP"]
[Date "2018.01.17"]
[Round "8.12"]
[White "Villodre Miranda, Juan Alonso"]
[Black "Sotoca Aguado, Jose"]
[Result "1/2-1/2"]
[WhiteElo "1542"]
[BlackElo "1852"]
[PlyCount "79"]
[EventDate "2018.01.08"]
[EventType "swiss"]
[EventRounds "9"]
[EventCountry "ESP"]
[SourceTitle "Ajedrez en Madrid"]
[Source "lmi"]
[SourceDate "2018.01.08"]
[SourceVersion "1"]
[SourceVersionDate "2018.01.25"]
[SourceQuality "1"]

1. c4 Nf6 2. Nc3 e5 3. e4 d6 4. h3 Be7 5. g3 O-O 6. Bg2 c6 7. Nge2 Nbd7 8. O-O
Nb6 9. b3 d5 10. exd5 cxd5 11. cxd5 Nfxd5 12. d4 Nxc3 13. Nxc3 exd4 14. Ne4 f5
15. Nd2 Bf6 16. Bb2 Nd5 17. Rc1 Nc3 18. Bxc3 dxc3 19. Nc4 Rb8 20. Nd6 g6 21.
Nb5 Qd2 22. Rc2 Qxd1 23. Rxd1 Be6 24. Nxc3 Rbc8 25. Rdc1 Bxc3 26. Rxc3 Rxc3 27.
Rxc3 Rc8 28. Rxc8+ Bxc8 29. Kf1 Kf7 30. Ke2 Ke6 31. Kd3 Kd6 32. f4 b6 33. Kd4
Be6 34. Bf1 h6 35. h4 Bd5 36. Bb5 Bf7 37. Bd3 Be6 38. Bb5 Bf7 39. Bd3 Be6 40.
Bc2 1/2-1/2

[Event "Madrid ch 2017-2018 Veteranos"]
[Site "Madrid ESP"]
[Date "2018.01.17"]
[Round "8.13"]
[White "Serrano Garcia, Vicente"]
[Black "Hernandez Garcia, Carlos"]
[Result "0-1"]
[WhiteElo "1817"]
[BlackElo "1727"]
[PlyCount "66"]
[EventDate "2018.01.08"]
[EventType "swiss"]
[EventRounds "9"]
[EventCountry "ESP"]
[SourceTitle "Ajedrez en Madrid"]
[Source "lmi"]
[SourceDate "2018.01.08"]
[SourceVersion "1"]
[SourceVersionDate "2018.01.25"]
[SourceQuality "1"]

1. d4 Nf6 2. Nf3 g6 3. Bf4 Bg7 4. e3 O-O 5. h3 c5 6. c4 Re8 7. Nc3 cxd4 8. exd4
d6 9. Be2 Nbd7 10. Rc1 b6 11. O-O Bb7 12. b4 e5 13. dxe5 dxe5 14. Bg5 e4 15.
Nd2 Qe7 16. a3 Rad8 17. Qc2 Qe5 18. Be3 Nf8 19. Rfd1 Ne6 20. Nb3 Nf4 21. Bf1
N6h5 22. Bd4 Rxd4 23. Nxd4 Qg5 24. Nd5 Nxh3+ 25. Kh1 N3f4 26. Ne3 Nd3 27. Nf3
Nxf2+ 28. Qxf2 exf3 29. Nd5 Ng3+ 30. Kg1 Qh4 31. Qxf3 Qh1+ 32. Kf2 Ne4+ 33. Ke3
Ng5+ 0-1

[Event "Madrid ch 2017-2018 Veteranos"]
[Site "Madrid ESP"]
[Date "2018.01.17"]
[Round "8.15"]
[White "Rodriguez Bachiller, Luis"]
[Black "Cruz Gonzalez, Antonio"]
[Result "0-1"]
[WhiteElo "1634"]
[BlackElo "1766"]
[PlyCount "98"]
[EventDate "2018.01.08"]
[EventType "swiss"]
[EventRounds "9"]
[EventCountry "ESP"]
[SourceTitle "Ajedrez en Madrid"]
[Source "lmi"]
[SourceDate "2018.01.08"]
[SourceVersion "1"]
[SourceVersionDate "2018.01.25"]
[SourceQuality "1"]

1. e4 e6 2. d4 d5 3. Nd2 Nc6 4. c3 e5 5. exd5 Qxd5 6. dxe5 Nxe5 7. Ngf3 Nd3+ 8.
Bxd3 Qxd3 9. Qa4+ Bd7 10. Qe4+ Qxe4+ 11. Nxe4 h6 12. O-O O-O-O 13. Be3 Bc6 14.
Ned2 b6 15. Nd4 Bb7 16. f3 Nf6 17. Rfe1 Nd5 18. Bf2 Nf4 19. Re3 c5 20. N4b3 Nd3
21. Rb1 Nxf2 22. Kxf2 f5 23. Rbe1 Bd6 24. g3 f4 25. Re6 fxg3+ 26. hxg3 Rhf8 27.
Rg6 Rf7 28. Re3 Be7 29. Rge6 Bg5 30. f4 Kd7 31. R6e5 Rdf8 32. Rd3+ Kc7 33. Rde3
Bc6 34. Ne4 Bd8 35. Nbd2 g5 36. Ke2 gxf4 37. gxf4 Rxf4 38. Rh5 Re8 39. Nf2
Rxe3+ 40. Kxe3 Bg5 41. Ke2 Rxf2+ 42. Kxf2 Bxd2 43. Ke2 Bg5 44. b3 Bd7 45. Kf3
Kd6 46. Rh2 Ke5 47. Re2+ Kf5 48. Kg3 Kg6 49. Re8 h5 0-1

[Event "Madrid ch 2017-2018 Veteranos"]
[Site "Madrid ESP"]
[Date "2018.01.17"]
[Round "8.16"]
[White "Prieto Gonzalez, Cesar"]
[Black "Cupeiro Fernandez, Manuel"]
[Result "1-0"]
[WhiteElo "1515"]
[BlackElo "1552"]
[PlyCount "77"]
[EventDate "2018.01.08"]
[EventType "swiss"]
[EventRounds "9"]
[EventCountry "ESP"]
[SourceTitle "Ajedrez en Madrid"]
[Source "lmi"]
[SourceDate "2018.01.08"]
[SourceVersion "1"]
[SourceVersionDate "2018.01.25"]
[SourceQuality "1"]

1. e4 c6 2. d3 e5 3. Nf3 d6 4. h3 Be7 5. Nbd2 Be6 6. Be2 h6 7. c3 Nd7 8. Qc2
Ngf6 9. Nf1 Qc7 10. Be3 Nb6 11. a3 d5 12. Ng3 O-O 13. O-O dxe4 14. dxe4 Nc4 15.
Bc1 Rad8 16. b3 Na5 17. c4 b6 18. b4 Nb7 19. Bb2 Nd7 20. Rad1 c5 21. b5 Ra8 22.
Ra1 a6 23. a4 a5 24. Rad1 Rfd8 25. Qc3 f6 26. Nh4 Nd6 27. Rd2 Nf8 28. Rc2 Qb7
29. Bd3 Kf7 30. Bc1 Ng6 31. Nxg6 Kxg6 32. f4 Kf7 33. fxe5 Ne8 34. exf6 Qc7 35.
fxe7+ Kxe7 36. Bf4 Qd7 37. Rd2 Nf6 38. e5 Nh7 39. Bxh7 1-0

[Event "Madrid ch 2017-2018 Veteranos"]
[Site "Madrid ESP"]
[Date "2018.01.17"]
[Round "8.17"]
[White "Bellagamba, Pascal"]
[Black "Rodriguez Bernal, Herman"]
[Result "0-1"]
[WhiteElo "1596"]
[BlackElo "1744"]
[PlyCount "78"]
[EventDate "2018.01.08"]
[EventType "swiss"]
[EventRounds "9"]
[EventCountry "ESP"]
[SourceTitle "Ajedrez en Madrid"]
[Source "lmi"]
[SourceDate "2018.01.08"]
[SourceVersion "1"]
[SourceVersionDate "2018.01.25"]
[SourceQuality "1"]

1. Nf3 Nf6 2. b3 b6 3. Bb2 Bb7 4. d3 d5 5. Nbd2 c5 6. g3 e6 7. Bg2 Nbd7 8. O-O
Be7 9. Re1 O-O 10. e4 dxe4 11. dxe4 Qc7 12. Qe2 e5 13. c4 Rfe8 14. Rad1 Rad8
15. Qe3 Bd6 16. Nh4 h6 17. Nf5 Bf8 18. Nb1 Nb8 19. Nc3 g6 20. Nh4 Bg7 21. Nd5
Nxd5 22. exd5 Qd6 23. Qc3 Bc8 24. f4 Bg4 25. Rc1 g5 26. fxe5 Bxe5 27. Rxe5 Rxe5
28. Qxe5 Qxe5 29. Bxe5 gxh4 30. gxh4 Nd7 31. Bf4 Re8 32. Rc2 Kg7 33. Rd2 Ne5
34. Kf2 Bf5 35. Kg3 Nd3 36. Bc7 Re3+ 37. Bf3 Be4 38. d6 Rxf3+ 39. Kg4 Ne5+ 0-1

[Event "Madrid ch 2017-2018 Veteranos"]
[Site "Madrid ESP"]
[Date "2018.01.17"]
[Round "8.18"]
[White "Martinez Carrasco, Jesus"]
[Black "Peña Marina, Jose Maria"]
[Result "1/2-1/2"]
[WhiteElo "1568"]
[BlackElo "1705"]
[PlyCount "58"]
[EventDate "2018.01.08"]
[EventType "swiss"]
[EventRounds "9"]
[EventCountry "ESP"]
[SourceTitle "Ajedrez en Madrid"]
[Source "lmi"]
[SourceDate "2018.01.08"]
[SourceVersion "1"]
[SourceVersionDate "2018.01.25"]
[SourceQuality "1"]

1. d4 Nf6 2. c4 e6 3. Nc3 d5 4. e3 Be7 5. Nf3 O-O 6. Qc2 b6 7. Bd3 Bb7 8. cxd5
exd5 9. O-O Nbd7 10. Bd2 c5 11. b3 Rc8 12. Qb2 Re8 13. Rac1 Ne4 14. Bb1 Ndf6
15. h3 cxd4 16. Nxd4 Nxd2 17. Qxd2 Bb4 18. Qd3 Bxc3 19. Rxc3 Rxc3 20. Qxc3 Qc8
21. Rc1 Qxc3 22. Rxc3 Rc8 23. Rxc8+ Bxc8 24. Kf1 Bd7 25. f3 Kf8 26. g4 h6 27.
Bd3 Ke7 28. h4 Ne8 29. Kf2 Nc7 1/2-1/2

[Event "Madrid ch 2017-2018 Veteranos"]
[Site "Madrid ESP"]
[Date "2018.01.17"]
[Round "8.20"]
[White "Sanchez Lucena, Juan"]
[Black "De Los Rios Camacho, Juan Antoni"]
[Result "1-0"]
[WhiteElo "1456"]
[BlackElo "1624"]
[PlyCount "77"]
[EventDate "2018.01.08"]
[EventType "swiss"]
[EventRounds "9"]
[EventCountry "ESP"]
[SourceTitle "Ajedrez en Madrid"]
[Source "lmi"]
[SourceDate "2018.01.08"]
[SourceVersion "1"]
[SourceVersionDate "2018.01.25"]
[SourceQuality "1"]

1. d4 Nf6 2. Nf3 d6 3. c4 Nbd7 4. e3 e5 5. d5 c6 6. Nc3 Be7 7. e4 Qc7 8. a3 h6
9. h3 Nf8 10. Be3 g5 11. Be2 Ng6 12. g3 g4 13. hxg4 Nxg4 14. Qd2 Nxe3 15. Qxe3
Bf8 16. Nh2 h5 17. Nf3 Bh6 18. Qd3 Qe7 19. Nh4 Bg5 20. Nf5 Qf6 21. Rxh5 Bd7 22.
Rxh8+ Nxh8 23. dxc6 Bxf5 24. exf5 Qh6 25. Ne4 Be7 26. cxb7 Rb8 27. Bf3 Kf8 28.
f6 Bxf6 29. Nxf6 Qxf6 30. Rd1 Ke7 31. c5 e4 32. Qxd6+ Qxd6 33. cxd6+ Kd7 34.
Bg4+ Kd8 35. Bc8 f6 36. Rc1 Nf7 37. Rc7 Ne5 38. Rg7 Ke8 39. Rg8+ 1-0